| 000 | 01166nam a2200289Ia 4500 | ||
|---|---|---|---|
| 001 | ebr10266041 | ||
| 003 | CaPaEBR | ||
| 006 | m u | ||
| 007 | cr cn||||||||| | ||
| 008 | 041013s2005 ilua sb 001 0 eng d | ||
| 010 | _z 2004024170 | ||
| 020 | _z9780226901046 | ||
| 040 |
_aCaPaEBR _cCaPaEBR |
||
| 035 | _a(OCoLC)309871323 | ||
| 050 | 1 | 4 |
_aRC180.2 _b.W47 2005eb |
| 100 | 1 |
_aWilson, Daniel J., _d1949- |
|
| 245 | 1 | 0 |
_aLiving with polio _h[electronic resource] : _bthe epidemic and its survivors / _cDaniel J. Wilson. |
| 260 |
_aChicago : _bUniversity of Chicago Press, _cc2005. |
||
| 300 |
_axii, 300 p. : _bill. |
||
| 504 | _aIncludes bibliographical references and index. | ||
| 533 |
_aElectronic reproduction. _bPalo Alto, Calif. : _cebrary, _d2009. _nAvailable via World Wide Web. _nAccess may be limited to ebrary affiliated libraries. |
||
| 650 | 0 |
_aPoliomyelitis _vPopular works. |
|
| 650 | 0 |
_aPostpoliomyelitis syndrome _vPopular works. |
|
| 655 | 7 |
_aElectronic books. _2local |
|
| 710 | 2 | _aebrary, Inc. | |
| 856 | 4 | 0 |
_uhttp://site.ebrary.com/lib/rucke/Doc?id=10266041 _zAn electronic book accessible through the World Wide Web; click to view |
| 999 |
_c11002 _d11002 |
||